| 000 | 00530nam a2200205 i 4500 | ||
|---|---|---|---|
| 001 | 49167 | ||
| 005 | 20230410143154.0 | ||
| 008 | 071107b2004 mx a 000 0 spa | ||
| 020 | _a9709350714 | ||
| 040 |
_aDRFGD _bspa |
||
| 041 | 0 | _aspa | |
| 050 | 1 | 4 | _abM828a 2004 |
| 100 | 1 | _aDel Moral López, Fernando | |
| 245 | 0 | 0 |
_aEl amor en psicoanálisis y en el cine : _cFernando del Moral López |
| 250 | _a1ra ed | ||
| 260 |
_aMexico : _bCampo Locaniano, _c2004 |
||
| 300 | _a279 p. | ||
| 942 |
_2lcc _cbk |
||
| 946 | _acsexposito | ||
| 999 |
_c97055 _d97055 |
||